Pedagogická revue časopis pre pedagogickú teóriu, prax a podporné vedy o výchove

Salvato in:
Dettagli Bibliografici
Natura: Periodico
Lingua:slovacco
Pubblicazione: Bratislava Slovenské pedagogické nakladateľstvo 1999
Tags: Aggiungi Tag
Nessun Tag, puoi essere il primo ad aggiungerne!!

MARC

LEADER 00000nas2a2200000 4500
001 s124091
005 20250617090957.3
022 |a 1335-1982 
041 0 |a slo 
044 |a SK 
245 1 0 |a Pedagogická revue  |b časopis pre pedagogickú teóriu, prax a podporné vedy o výchove 
264 1 |a Bratislava  |b Slovenské pedagogické nakladateľstvo  |c 1999 
300 |a 1 zv.  |e 1 príl.